000
00259nam a2200109Ia 4500
008
231212s1978 xx 000 0 und d
041
_a
eng
082
_a
621.38412
100
_a
teppar
245
_a
Basic Radio VI
260
_a
New Delhi
_b
Satya Prakashan
_c
1978
999
_c
957536
_d
957536